| 000 | 00000nam 2200000za 4500 |
| 001 | 9.669693 |
| 003 | CaOODSP |
| 005 | 20250120135113 |
| 007 | ta |
| 008 | 150407|2008||||xxc||||| f|0| 0 eng d |
| 020 | |a978-0-660-63656-6 |
| 040 | |aCaOODSP|beng |
| 041 | |aeng |
| 041 | |afre |
| 043 | |an-cn--- |
| 086 | 1 |aNM24-20/2008 |
| 110 | 1 |aCanada.|bCanadian Museum of Civilization. |
| 245 | 14|aThe Canadian Museum of Civilization : |bphotographs / |cby Malak; with additional photos by Hans Blohm, Steven Darby, Harry Foster; introduction by Victor Rabinovitch. |
| 250 | |a7th ed. Reprinted 2008 |
| 260 | |aOttawa - Ontario : |bCanadian Museum of Civilization |cc2008. |
| 300 | |a[103]p. : |bphotographs ; |c22 cm. |
| 500 | |a"Malak Karsh : 1915-2001"--Cover. |
| 563 | |aSoftcover |
| 590 | |a08-20|b2008-05-16 |
| 690 | 07|aCultural heritage|2gcpds |
| 690 | 07|aPhotographs|2gcpds |
| 720 | 1 |aKarsh, Malak |
| 776 | 0#|tThe Canadian Museum of Civilization / |w(CaOODSP)9.947134 |
| 792 | |tMusée canadien des civilisations : |efre|w(CaOODSP)9.669694 |